|
|
|
|
| LEADER |
00000nam a22000007a 4500 |
| 005 |
20110905120734.0 |
| 008 |
110905t2011 mx ||||s|||| 001 0 spa d |
| 020 |
|
|
|a 978-607-440-207-0
|
| 035 |
|
|
|a 5659
|
| 040 |
|
|
|a vLex
|
| 090 |
|
|
|c 2369
|d 2369
|
| 100 |
1 |
|
|a Přez Chavez, Još
|
| 245 |
1 |
0 |
|a Estudio del impuesto sobre la renta y del impuesto empresarial a tasa n︢ica
|h [Recurso electrn̤ico] :
|b Personas fs̕icas /
|c Jos ̌Přez Chavez ; Raymundo Fol Olguin
|
| 256 |
|
|
|a Servicio en ln̕ea.
|
| 260 |
|
|
|a [Mx̌ico] :
|b Tax Editores,
|c 2011.
|
| 300 |
|
|
|a 1 recurso electrn̤ico
|
| 500 |
|
|
|a Entre los tributos ms̀ importantes del sistema fiscal mexicano se encuentran el impuesto sobre la renta (ISR) y el impuesto empresarial a tasa n︢ica (IETU); el primero, grava los ingresos de las personas tanto fs̕icas como morales, mientras que el segundo, a personas que realicen las siguientes actividades: enajenacin̤ de bienes, prestacin̤ de servicios independientes y otorgamiento del uso o goce temporal de bienes.
|
| 506 |
1 |
|
|a Contenido solo disponible en los productos indicados
|d vLex Global
|d vLex Global (Academic Edition, excluding Law Schools)
|d vLex Global (U.S. Academic Edition, Law Schools)
|d vLex Global (U.S. Academic Edition, excluding Law Schools)
|d vLex Global (Academic Edition, Law Schools)
|
| 650 |
0 |
4 |
|a Impuestos sobre la renta
|z Mx̌ico
|
| 700 |
1 |
|
|a Fol Olguin, Raymundo
|
| 740 |
0 |
|
|a vLex Libros (Servicio en ln̕ea)
|
| 856 |
4 |
0 |
|u http://vlex.com/source/impuesto-renta-tasa-unica-personas-fisicas-5659
|z Acceso restringido
|
| 942 |
|
|
|c BOOK
|